000 00767nam a2200277Ia 4500
003 OSt
005 20221005065530.0
006 a|||||r|||| 00| 0
007 ta
008 221004b |||||||| |||| 00| 0 eng d
020 _a01400.16570
024 _a38100
037 _cTextual
040 _aCRL
_cCRL
_beng
041 _2eng
_aeng
082 _aO111,3N12,TM, L7
100 _aWhite Patrick
_9489000
110 _aGift from Prof Amitava Banerjee, London
245 0 _aTree of man
260 _aMiddlesex
_bPenguin Books UK
_c1977
300 _a479p.
_ccm.
650 _aENGLISH LITERATURE
700 _aGift from Prof Amitava Banerjee, London
942 _hO111,3N12,TM, L7
_cTEXL
_2cc
999 _c974707
_d974707